[Event "27th Hoogeveen Open 2024"]
[Site "Hoogeveen NED"]
[Date "2024.10.27"]
[Round "2.11"]
[White "Duijker, Rick"]
[Black "Labruyere, Roger"]
[Result "0-1"]
[WhiteTitle "FM"]
[WhiteElo "2154"]
[BlackElo "2286"]
[WhiteFideId "1010565"]
[BlackFideId "1059505"]
[EventDate "2024.10.26"]

1. e4 c5 2. Nf3 d6 3. d4 cxd4 4. Nxd4 Nf6 5. Nc3 a6 6. Bg5 e6 7. f4 h6 8. Bh4
Qb6 9. a3 Be7 10. Bf2 Qc7 11. Be2 Nbd7 12. Bf3 Rb8 13. O-O O-O 14. g4 Nh7 15. h4
Rd8 16. g5 hxg5 17. hxg5 Ndf8 18. Nf5 Ng6 19. Nxe7+ Qxe7 20. Qd2 b5 21. Be3 Bb7
22. Bg2 d5 23. exd5 Nh4 24. Bb6 Rd7 25. Rae1 b4 26. axb4 Nxg2 27. Qxg2 Qxb4 28.
Ba7 Rbd8 29. g6 Nf6 30. gxf7+ Rxf7 31. Qg5 Bxd5 32. Be3 Qxb2 33. Nxd5 Rxd5 34.
f5 Ne4 35. Qh4 exf5 36. Rb1 Qe5 37. c4 Nd2 38. cxd5 Qxe3+ 39. Kg2 Nxb1 40. Rxb1
Qd2+ 41. Kg1 Qxd5 42. Rb8+ Rf8 0-1

[Event "27th Hoogeveen Open 2024"]
[Site "Hoogeveen NED"]
[Date "2024.10.27"]
[Round "2.12"]
[White "Ritzerveld, Noah"]
[Black "Hoffman, Ron"]
[Result "1-0"]
[WhiteTitle "FM"]
[WhiteElo "2281"]
[BlackElo "2024"]
[WhiteFideId "1085760"]
[BlackFideId "1007599"]
[EventDate "2024.10.26"]

1. e4 Nc6 2. Nf3 d6 3. d4 Nf6 4. Nc3 g6 5. Be3 Bg7 6. h3 O-O 7. Bc4 e5 8. Bb3
exd4 9. Nxd4 Re8 10. Qf3 Ne5 11. Qe2 c5 12. Nf3 b5 13. Nxe5 Rxe5 14. Qxb5 Nxe4
15. Nxe4 Rxe4 16. Qc6 Bf5 17. g4 Rc8 18. Qd5 c4 19. gxf5 Rxe3+ 20. fxe3 Qh4+ 21.
Kd1 cxb3 22. axb3 Qf2 23. c3 Qxb2 24. Rxa7 Rf8 25. fxg6 hxg6 26. Ra8 Rxa8 27.
Qxa8+ Kh7 28. Qd5 Qxc3 29. Re1 Qa1+ 30. Ke2 Qb2+ 31. Kf3 Qf6+ 32. Kg3 Qc3 33.
Re2 Be5+ 34. Kg2 Kg7 35. Qc4 Qa5 36. Rf2 f5 37. Qc6 Qd8 38. Kf1 Kh6 1-0

[Event "27th Hoogeveen Open 2024"]
[Site "Hoogeveen NED"]
[Date "2024.10.27"]
[Round "2.13"]
[White "Schuricht, Emil Frederick"]
[Black "Van Batenburg, Mees"]
[Result "1/2-1/2"]
[WhiteElo "2145"]
[BlackElo "2247"]
[WhiteFideId "16270185"]
[BlackFideId "1078259"]
[EventDate "2024.10.26"]

1. c4 e6 2. Nf3 d5 3. g3 Nf6 4. Bg2 c5 5. O-O Nc6 6. cxd5 exd5 7. d4 Be7 8. dxc5
Bxc5 9. a3 Ne4 10. Nbd2 O-O 11. b4 Nc3 12. Qe1 Re8 13. e3 Nd4 14. Nxd4 Bxd4 15.
Nb3 Bf6 16. Bb2 Ne4 17. Bxf6 Qxf6 18. Qd1 Ng5 19. Ra2 Bf5 20. Qd4 Qg6 21. h4 Ne4
22. Nc5 Nxc5 23. bxc5 Be4 24. Rb2 Rab8 25. Rd1 h5 26. Rb4 b6 27. cxb6 axb6 28.
Bxe4 dxe4 29. Rdb1 Rbd8 30. Qxb6 Qg4 31. Qc7 Rd2 32. Rb8 Rd1+ 33. Kh2 Qf3 34.
Rxe8+ Kh7 35. Rxd1 Qxf2+ 36. Kh3 Qf5+ 37. g4 hxg4+ 38. Kh2 Qf2+ 39. Kh1 Qf3+ 40.
Kh2 1/2-1/2

[Event "27th Hoogeveen Open 2024"]
[Site "Hoogeveen NED"]
[Date "2024.10.27"]
[Round "2.14"]
[White "Maatman, Nick"]
[Black "Ten Dam, Bram"]
[Result "1/2-1/2"]
[WhiteTitle "IM"]
[WhiteElo "2382"]
[BlackElo "2006"]
[WhiteFideId "1040391"]
[BlackFideId "40104877"]
[EventDate "2024.10.26"]

1. e4 c5 2. Nf3 d6 3. d4 cxd4 4. Nxd4 Nf6 5. Nc3 g6 6. g3 Bg7 7. Bg2 O-O 8. O-O
Nc6 9. Nde2 Bd7 10. h3 Rc8 11. Re1 a6 12. a4 Na5 13. Ra2 b5 14. axb5 axb5 15.
Nd5 Nc6 16. c3 b4 17. c4 Nxd5 18. cxd5 Ne5 19. Be3 f5 20. exf5 Bxf5 21. Nf4 Bc2
22. Qe2 Bf5 23. Qd1 Bc2 24. Qe2 Bf5 25. Qd1 Bc2 1/2-1/2

[Event "27th Hoogeveen Open 2024"]
[Site "Hoogeveen NED"]
[Date "2024.10.27"]
[Round "2.15"]
[White "De Wit, Michel"]
[Black "Kovchan, Alexander"]
[Result "0-1"]
[WhiteTitle "FM"]
[BlackTitle "GM"]
[WhiteElo "2108"]
[BlackElo "2444"]
[WhiteFideId "1002210"]
[BlackFideId "14103052"]
[EventDate "2024.10.26"]

1. e4 c6 2. d4 d5 3. Nc3 dxe4 4. Nxe4 Bf5 5. Ng3 Bg6 6. Nf3 Nd7 7. h4 h6 8. h5
Bh7 9. Bd3 Bxd3 10. Qxd3 e6 11. Bd2 Ngf6 12. O-O-O Be7 13. Kb1 Qb6 14. Ne4 Rd8
15. Nxf6+ Nxf6 16. Qe2 c5 17. c3 cxd4 18. Nxd4 Bc5 19. Be3 Nd5 20. Ka1 O-O 21.
Bc1 Ne7 22. Be3 Nd5 23. Bc1 Rd7 24. f3 Rc8 25. Nb3 Be7 26. Rhe1 Bh4 27. g3 Bxg3
28. Rg1 Nf4 29. Qe4 Rxd1 30. Rxd1 Nxh5 31. Qg4 g6 32. Rh1 Qb5 33. Nd4 Qe5 34.
Bxh6 Bf2 35. Bg5 Bxd4 36. cxd4 Qb5 37. Qg2 Qd3 38. Qg1 Qxf3 39. d5 exd5 40. Rh2
d4 0-1

[Event "27th Hoogeveen Open 2024"]
[Site "Hoogeveen NED"]
[Date "2024.10.27"]
[Round "2.16"]
[White "Duchene, Rene"]
[Black "Maris, Ivo"]
[Result "0-1"]
[BlackTitle "FM"]
[WhiteElo "2075"]
[BlackElo "2388"]
[WhiteFideId "1006304"]
[BlackFideId "1028146"]
[EventDate "2024.10.26"]

1. c4 g6 2. Nf3 Bg7 3. d4 d6 4. Nc3 Nd7 5. e4 e5 6. d5 a5 7. Bd3 Nc5 8. Bc2 f5
9. exf5 gxf5 10. Be3 Ne7 11. Qd2 Ng6 12. Bh6 Bf6 13. O-O-O a4 14. g3 e4 15. Rde1
Kf7 16. Ng5+ Kg8 17. f3 Ne5 18. fxe4 Nxc4 19. Qf4 Ne5 20. Kb1 Ncd3 21. Bxd3 Nxd3
22. Qh4 Nxe1 23. Qh5 Qe7 24. Rxe1 Bd7 25. h4 a3 26. Qd1 axb2 27. exf5 Bxf5+ 28.
Kxb2 Bxc3+ 29. Kxc3 Qf6+ 30. Kb3 Qxh6 0-1

[Event "27th Hoogeveen Open 2024"]
[Site "Hoogeveen NED"]
[Date "2024.10.27"]
[Round "2.17"]
[White "Kovalskyi, Roman"]
[Black "Arnold, Rhys"]
[Result "1-0"]
[WhiteElo "2124"]
[BlackElo "2312"]
[WhiteFideId "14184214"]
[BlackFideId "1068849"]
[EventDate "2024.10.26"]

1. e4 c5 2. Nf3 Nc6 3. d4 cxd4 4. Nxd4 Nf6 5. Nc3 d6 6. Bg5 e6 7. Qd2 a6 8.
O-O-O Be7 9. h4 Nxd4 10. Qxd4 h6 11. Be3 e5 12. Qd2 Ng4 13. g3 O-O 14. f3 Nxe3
15. Qxe3 Be6 16. Nd5 Rc8 17. Rh2 Re8 18. Kb1 Bf8 19. f4 exf4 20. gxf4 f5 21. Qb3
fxe4 22. Bh3 Bf7 23. Bxc8 Qxc8 24. Nf6+ gxf6 25. Rg2+ Bg7 26. Qg3 Bxa2+ 27. Kxa2
Re7 28. Rxd6 e3 29. Rd3 f5 30. Rxe3 Qc4+ 31. b3 Qd4 32. Re5 Kh8 33. c3 Qd7 34.
Rxe7 Qxe7 35. Qg6 b5 36. Qxa6 Qc7 37. Qxb5 Qa7+ 38. Kb1 Qe3 39. Qb8+ Kh7 40.
Rxg7+ Kxg7 41. Qe5+ Qxe5 42. fxe5 f4 43. Kc2 1-0

[Event "27th Hoogeveen Open 2024"]
[Site "Hoogeveen NED"]
[Date "2024.10.27"]
[Round "2.18"]
[White "Van Dael, Siem"]
[Black "Bruggink, Tycho"]
[Result "0-1"]
[WhiteTitle "FM"]
[WhiteElo "2279"]
[BlackElo "1992"]
[WhiteFideId "1049771"]
[BlackFideId "1050028"]
[EventDate "2024.10.26"]

1. e4 c5 2. Nf3 d6 3. d4 cxd4 4. Nxd4 Nf6 5. Nc3 a6 6. Be3 e5 7. Nb3 Be6 8. f3
h5 9. Qd2 Nbd7 10. O-O-O Be7 11. Kb1 b5 12. Nd5 Bxd5 13. exd5 Nb6 14. Bxb6 Qxb6
15. Na5 Rc8 16. Nc6 Nxd5 17. Nxe7 Nxe7 18. Qxd6 Qxd6 19. Rxd6 Nc6 20. Rd1 Ke7
21. Bd3 Rhd8 22. Rhe1 Kf6 23. a3 g6 24. Re3 Rd6 25. Rde1 Rcd8 26. Ka2 h4 27. Be4
Re6 28. Rc3 Ne7 29. g4 Kg5 30. Rc5 f5 31. gxf5 gxf5 32. Bd3 Kf4 33. a4 Rd5 34.
Rc3 Nc6 35. axb5 axb5 36. Rb3 Nd4 37. Rb4 Kxf3 38. Kb1 e4 39. Bxb5 Nxb5 40. c4
Nc3+ 41. bxc3 Rd2 42. c5 e3 43. Rxh4 Kf2 44. Rh1 e2 45. Kc1 e1=Q+ 0-1

[Event "27th Hoogeveen Open 2024"]
[Site "Hoogeveen NED"]
[Date "2024.10.27"]
[Round "2.19"]
[White "Duson, Robin"]
[Black "Goudriaan, Rafael"]
[Result "0-1"]
[WhiteElo "2177"]
[BlackElo "2101"]
[WhiteFideId "1055038"]
[BlackFideId "1063162"]
[EventDate "2024.10.26"]

1. d4 e6 2. c4 b6 3. a3 Nf6 4. Nc3 Bb7 5. Nf3 Be7 6. d5 O-O 7. e4 d6 8. Be2 c6
9. O-O cxd5 10. cxd5 exd5 11. exd5 Nbd7 12. Re1 Re8 13. b4 Rc8 14. Bb2 Nh5 15.
Qd2 Bf6 16. Nb5 Bxb2 17. Qxb2 Ndf6 18. Nxa7 Ra8 19. Nc6 Qd7 20. Nfd4 Nf4 21. b5
N6xd5 22. Bf1 Qg4 23. Kh1 h5 24. Qb3 Nf6 25. h3 Qg5 26. Qf3 Ne6 27. Nxe6 fxe6
28. Rad1 Qc5 29. Qe3 Rxa3 30. Qxc5 dxc5 31. Bc4 Bxc6 32. bxc6 Ra7 33. Rxe6 Rxe6
34. Bxe6+ Kf8 35. Rb1 Ke7 36. Bf5 Kd6 37. Rxb6 Kc7 38. Rb2 Kxc6 39. g4 hxg4 40.
hxg4 Ra4 41. f3 c4 42. Kg1 c3 43. Rc2 Ra3 44. Kf2 Kc5 45. Be6 Nd5 46. Bxd5 Kxd5
47. Rc1 Kd4 48. f4 Ra2+ 49. Kf3 c2 50. f5 Kd3 51. Kf4 Kd2 52. Rh1 c1=Q 53. Rxc1
Kxc1 54. g5 Ra5 55. f6 g6 0-1

[Event "27th Hoogeveen Open 2024"]
[Site "Hoogeveen NED"]
[Date "2024.10.27"]
[Round "2.20"]
[White "Wildschut, Marcel"]
[Black "Ganguly, Surya Shekhar"]
[Result "0-1"]
[BlackTitle "GM"]
[WhiteElo "2069"]
[BlackElo "2598"]
[WhiteFideId "1019139"]
[BlackFideId "5002150"]
[EventDate "2024.10.26"]

1. g3 Nf6 2. Bg2 c5 3. Nf3 Nc6 4. c4 d5 5. cxd5 Nxd5 6. Nc3 Nc7 7. O-O e5 8. d3
Be7 9. Be3 O-O 10. Rc1 Bd7 11. Nd2 Kh8 12. Nc4 f6 13. a4 Ne6 14. Nd5 Ncd4 15.
Bxd4 Nxd4 16. e3 Nc6 17. f4 exf4 18. Rxf4 f5 19. Nxe7 Qxe7 20. Qd2 Rae8 21. Rcf1
b6 22. b3 Ne5 23. e4 Nc6 24. exf5 Nd4 25. Re4 Qf6 26. Qd1 Bc6 27. Rxe8 Rxe8 28.
Re1 Nxf5 29. Rxe8+ Bxe8 30. Qf3 Qd4+ 31. Qf2 Qxd3 32. g4 Qd1+ 33. Qf1 Qxg4 34.
Ne3 Qd4 35. Qxf5 Qxe3+ 36. Kf1 Qc1+ 37. Kf2 Qb2+ 38. Kg1 Qd4+ 39. Kh1 Qd1+ 40.
Bf1 Bc6+ 0-1

[Event "27th Hoogeveen Open 2024"]
[Site "Hoogeveen NED"]
[Date "2024.10.27"]
[Round "2.21"]
[White "Grooten, Herman"]
[Black "Grooten, Tommy"]
[Result "0-1"]
[WhiteTitle "IM"]
[WhiteElo "2216"]
[BlackElo "2067"]
[WhiteFideId "1000330"]
[BlackFideId "1068806"]
[EventDate "2024.10.26"]

1. Nf3 Nf6 2. g3 b6 3. Bg2 Bb7 4. O-O e6 5. d3 d5 6. Nbd2 g6 7. e4 Bg7 8. Re1
O-O 9. e5 Nfd7 10. Nf1 c5 11. h4 Nc6 12. Bf4 Qc7 13. Qe2 d4 14. N1h2 Nb4 15. Ng4
Nd5 16. Bh6 Bxh6 17. Nxh6+ Kg7 18. Qd2 Ne3 19. fxe3 Kxh6 20. exd4+ Kg7 21. c3
cxd4 22. cxd4 b5 23. Nh2 Bxg2 24. Kxg2 Qb7+ 25. Kh3 h5 26. Qe3 Rac8 27. Rac1 Nb6
28. g4 Rh8 29. Qg5 Nd5 30. Rc5 hxg4+ 31. Qxg4 Rcd8 32. Qe4 Rh5 33. Nf3 Rf5 34.
Kg3 Rh8 35. Rf1 Rf4 36. Qe2 Qe7 37. Rh1 Rh5 38. Rxd5 Rhf5 39. Rd6 Rxf3+ 40. Qxf3
Rxf3+ 41. Kxf3 Qc7 42. Ke3 Qc2 43. Rf1 Qg2 44. Rf6 Qg3+ 45. Kd2 Qxh4 46. Rd7 Kh6
47. a3 a5 48. Rfxf7 Qh2+ 49. Kc3 Qg1 50. Rd6 Qc1+ 51. Kb3 Qd1+ 52. Ka2 a4 53.
Rc7 Qb3+ 54. Kb1 b4 55. Rc2 bxa3 56. Rh2+ Kg5 57. Rc6 axb2 58. Rxb2 Qxd3+ 59.
Ka2 Qxd4 60. Rbc2 Qd5+ 61. R6c4 Kf5 62. Ka3 Qb5 63. R2c3 g5 64. Rc5 Qd7 65. R5c4
Kxe5 66. Re3+ Kf6 67. Rf3+ Kg6 68. Re3 Qb5 69. Rce4 Kf5 70. Rxe6 Qc5+ 71. Kb2
a3+ 0-1

[Event "27th Hoogeveen Open 2024"]
[Site "Hoogeveen NED"]
[Date "2024.10.27"]
[Round "2.22"]
[White "Terlouw, Wouter"]
[Black "Den Heijer, Rolinde"]
[Result "1/2-1/2"]
[WhiteTitle "CM"]
[WhiteElo "2198"]
[BlackElo "2018"]
[WhiteFideId "1087401"]
[BlackFideId "1068300"]
[EventDate "2024.10.26"]

1. Nf3 d5 2. g3 Nf6 3. Bg2 c5 4. d4 cxd4 5. O-O e6 6. Nxd4 Bc5 7. c4 dxc4 8. Nb5
Qe7 9. Nd2 a6 10. Nc3 O-O 11. Nxc4 Nbd7 12. Qc2 h6 13. Rd1 Bxf2+ 14. Kh1 Ba7 15.
Bf3 Nb6 16. Ne4 Nxe4 17. Qxe4 Nxc4 18. Qxc4 e5 19. Qd5 Bb6 20. Bd2 Rd8 21. Qb3
Ba7 22. Bb4 Rxd1+ 23. Rxd1 Qg5 24. Ba5 Bd4 25. e3 e4 26. Bxe4 Bg4 27. Rf1 Bf6
28. Qxb7 Re8 29. Bc3 Qxe3 30. Bd5 Re7 31. Qb4 Bh3 32. Bxf6 gxf6 33. Bg2 Bxg2+
34. Kxg2 Kg7 35. Qd6 Qe4+ 36. Kh3 Re6 37. Qd1 Qg6 38. Rf4 h5 39. Qf3 Re5 40. b4
Rg5 41. a3 Re5 42. Qf1 Re6 43. a4 Qc2 44. Qa1 Re5 45. a5 Qc8+ 46. Kh4 Qc2 47. h3
Qg6 48. g4 Re3 49. Rf5 Rxh3+ 50. Kxh3 Qxg4+ 51. Kh2 Qxf5 52. Qg1+ Kh7 53. Qa7
Qf4+ 54. Kh1 Qh4+ 55. Kg2 Qg4+ 56. Kh2 Qf4+ 57. Kh1 Qe4+ 58. Kh2 Qf4+ 1/2-1/2

[Event "27th Hoogeveen Open 2024"]
[Site "Hoogeveen NED"]
[Date "2024.10.27"]
[Round "2.23"]
[White "Lardinois, Wouter"]
[Black "Madularea, David"]
[Result "0-1"]
[WhiteElo "2025"]
[BlackElo "2151"]
[WhiteFideId "1039997"]
[BlackFideId "1070215"]
[EventDate "2024.10.26"]

1. e4 e5 2. Nf3 Nc6 3. Bb5 a6 4. Ba4 f5 5. d3 fxe4 6. dxe4 Nf6 7. Bg5 d6 8. Qd3
Be7 9. Bb3 Na5 10. Nbd2 Nxb3 11. Qxb3 Qd7 12. O-O Qc6 13. Rfe1 Bg4 14. Bxf6 Bxf6
15. h3 Bh5 16. Qe6+ Be7 17. Re3 Qd7 18. Qd5 c6 19. Qa5 O-O 20. Rd3 Qe6 21. Qb6
Rab8 22. a4 Bd8 23. Qb4 Bc7 24. c4 h6 25. Nh2 Qf6 26. f3 Qf4 27. Nhf1 Bf7 28. a5
Be6 29. Rd1 Rf6 30. g3 Qg5 31. g4 h5 32. Ng3 g6 33. Kg2 Rbf8 34. Rf1 hxg4 35.
hxg4 R8f7 36. Rh1 Bxg4 37. Qxb7 Bxa5 38. Qa8+ Rf8 39. Qxc6 Bxd2 40. Qb7 R6f7 41.
Qd5 Kg7 42. Rf1 Bh5 43. Rxd2 Bxf3+ 0-1

[Event "27th Hoogeveen Open 2024"]
[Site "Hoogeveen NED"]
[Date "2024.10.27"]
[Round "2.24"]
[White "Fehr, Axel"]
[Black "Govoreanu, Matei"]
[Result "1/2-1/2"]
[WhiteElo "2021"]
[BlackElo "2142"]
[WhiteFideId "4675185"]
[BlackFideId "258059"]
[EventDate "2024.10.26"]

1. Nf3 c5 2. c4 Nc6 3. d4 cxd4 4. Nxd4 Nf6 5. Nc3 Qb6 6. Nc2 d6 7. g3 Ne5 8. b3
Qc6 9. f3 h5 10. Nd4 Qb6 11. Na4 Qd8 12. f4 Nc6 13. Bg2 Bd7 14. Bb2 Nxd4 15.
Qxd4 Bc6 16. Bxc6+ bxc6 17. Qd3 e6 18. e4 Be7 19. O-O-O Rc8 20. Kb1 h4 21. Qf3
Qc7 22. e5 dxe5 23. fxe5 Ng8 24. g4 g5 25. Rhf1 Nh6 26. Nc3 O-O 27. Ne4 Kh8 28.
h3 Rg8 29. Nd6 Rcf8 30. Ne4 Rg6 31. Rd3 Rd8 32. Rfd1 Rxd3 33. Qxd3 Rg8 34. Nf6
Bxf6 35. exf6 Qf4 36. Rf1 Qc7 37. Qe3 Qd7 38. Qd4 Qc7 39. Rd1 Qg3 40. Qd3 Qf4
41. Re1 Re8 42. Be5 Qf2 43. Qe3 Qxe3 44. Rxe3 Rd8 45. Kc2 Kh7 46. b4 Kg6 47. a4
Ng8 48. Rf3 a6 49. Rd3 Rc8 50. Rf3 Rd8 1/2-1/2

[Event "27th Hoogeveen Open 2024"]
[Site "Hoogeveen NED"]
[Date "2024.10.27"]
[Round "2.25"]
[White "Vaupot, Luka"]
[Black "Verheij, Dana"]
[Result "0-1"]
[WhiteTitle "CM"]
[WhiteElo "2140"]
[BlackElo "1972"]
[WhiteFideId "14627671"]
[BlackFideId "1063790"]
[EventDate "2024.10.26"]

1. d4 f5 2. c4 Nf6 3. Nf3 g6 4. g3 Bg7 5. Bg2 O-O 6. O-O d6 7. Nc3 c6 8. b3 Na6
9. Bb2 Qc7 10. d5 e5 11. dxe6 Bxe6 12. Ng5 Bd7 13. Qd2 Rad8 14. Rad1 Bc8 15. h4
h6 16. Nh3 Nc5 17. Nf4 Kh7 18. b4 Ne6 19. a3 Nxf4 20. Qxf4 Nh5 21. Qc1 Be6 22.
Na4 f4 23. Bf3 fxg3 24. Bxh5 gxf2+ 25. Rxf2 Rxf2 26. Kxf2 gxh5 27. Qc2+ Kh8 28.
Rg1 Qf7+ 29. Ke1 Bxb2 30. Qxb2+ Kh7 31. Nc3 Qf6 32. Qd2 Qxh4+ 33. Kd1 Qf2 34.
Rh1 Bg4 35. Ne4 Qg2 36. Qd3 Qxh1+ 37. Kd2 Bf5 38. Ng5+ Kg6 0-1

[Event "27th Hoogeveen Open 2024"]
[Site "Hoogeveen NED"]
[Date "2024.10.27"]
[Round "2.26"]
[White "Leenes, Robert"]
[Black "Van Zutphen, Jimmy"]
[Result "0-1"]
[WhiteElo "2014"]
[BlackElo "2125"]
[WhiteFideId "40108848"]
[BlackFideId "1013890"]
[EventDate "2024.10.26"]

1. d4 d5 2. Nc3 Bf5 3. f3 c6 4. e4 Bg6 5. Be3 e6 6. Nge2 h6 7. Qd2 Nf6 8. e5
Nfd7 9. O-O-O Be7 10. g4 b5 11. Ng3 Qa5 12. Kb1 Bb4 13. f4 Nb6 14. f5 Na4 15.
fxg6 Bxc3 16. Qf2 O-O 17. Bd2 Qb4 18. b3 fxg6 19. Qe1 Bxd2 20. Rxd2 Nd7 21. Ne2
Nc3+ 22. Nxc3 Qxc3 23. Qd1 Rf4 24. Rg1 Raf8 25. Be2 g5 26. Rg3 Qb4 27. Kb2 c5
28. c3 Qa5 29. Bd3 b4 30. c4 cxd4 31. cxd5 Nxe5 32. Bb1 Qxd5 33. Re2 0-1

[Event "27th Hoogeveen Open 2024"]
[Site "Hoogeveen NED"]
[Date "2024.10.27"]
[Round "2.27"]
[White "Van der Lubben, Arno"]
[Black "Emans, Job"]
[Result "0-1"]
[WhiteElo "1997"]
[BlackElo "2118"]
[WhiteFideId "1068920"]
[BlackFideId "1051393"]
[EventDate "2024.10.26"]

1. d4 Nf6 2. c4 e6 3. Nc3 Bb4 4. Qc2 d5 5. cxd5 exd5 6. Bg5 O-O 7. e3 h6 8. Bh4
c6 9. Bd3 Re8 10. Ne2 a5 11. O-O Bd6 12. h3 b5 13. Rac1 Ba6 14. Rfe1 Nbd7 15. e4
b4 16. Bxa6 bxc3 17. Bb7 Rb8 18. Bxc6 cxb2 19. Rb1 Rxe4 20. Bxf6 Nxf6 21. Rxb2
Rxb2 22. Qxb2 Qe7 23. Bb5 g6 24. Rd1 Kg7 25. Bd3 Re6 26. Kf1 Bb4 27. Qb1 Nh5 28.
g4 Qh4 29. Ng1 Nf4 30. Qc2 Nxh3 31. Nxh3 Qxh3+ 32. Kg1 Qxg4+ 33. Kf1 Qh3+ 34.
Kg1 Bd6 35. f3 Bf4 36. Qg2 Be3+ 37. Kf1 Qh4 38. Bf5 Re7 39. Rd3 Bxd4 40. Rd1 Bc3
41. Kg1 Re1+ 0-1

[Event "27th Hoogeveen Open 2024"]
[Site "Hoogeveen NED"]
[Date "2024.10.27"]
[Round "2.28"]
[White "Knol, Geon"]
[Black "Gerrits, Augustin"]
[Result "1-0"]
[WhiteElo "2098"]
[BlackElo "1939"]
[WhiteFideId "1012142"]
[BlackFideId "285358"]
[EventDate "2024.10.26"]

1. e4 e5 2. Nc3 Nf6 3. g3 d5 4. exd5 Nxd5 5. Bg2 Nxc3 6. bxc3 Bd6 7. d3 O-O 8.
Ne2 c6 9. h3 Nd7 10. O-O Nc5 11. f4 exf4 12. Bxf4 Ne6 13. Bxd6 Qxd6 14. Rb1 Rb8
15. Qd2 b6 16. d4 Ba6 17. Rf3 Rbe8 18. Nf4 Bc4 19. Nxe6 Rxe6 20. Re3 Rfe8 21.
Rxe6 Rxe6 22. Qf4 Qxf4 23. gxf4 Kf8 24. f5 Rd6 25. Re1 Bd5 26. Bf1 b5 27. a4 a6
28. a5 Rd7 29. Kf2 Re7 30. Rb1 Be4 31. Bd3 g6 32. fxg6 hxg6 33. c4 f5 34. d5
cxd5 35. cxb5 axb5 36. Rxb5 Rc7 37. a6 Bxd3 38. cxd3 Rc2+ 39. Ke3 Ra2 40. Rb6
Kf7 41. Kf4 Rd2 42. Ke5 Rxd3 1-0

[Event "27th Hoogeveen Open 2024"]
[Site "Hoogeveen NED"]
[Date "2024.10.27"]
[Round "2.29"]
[White "Westerlaan, Sander"]
[Black "Zecha, Oscar"]
[Result "0-1"]
[WhiteElo "1979"]
[BlackElo "2097"]
[WhiteFideId "1044346"]
[BlackFideId "1073826"]
[EventDate "2024.10.26"]

1. Nf3 Nf6 2. c4 e6 3. Nc3 d5 4. e3 b6 5. b3 Bb7 6. Bb2 Be7 7. Be2 O-O 8. O-O
Nbd7 9. cxd5 Nxd5 10. Nxd5 Bxd5 11. Qc2 Bf6 12. d4 c5 13. e4 Bb7 14. e5 Be7 15.
Rfd1 Rc8 16. Qd2 cxd4 17. Qxd4 Bd5 18. Qg4 Rc2 19. Rxd5 exd5 20. Bb5 Rxb2 21.
Bxd7 Bc5 22. Bf5 Rxf2 23. Kh1 g6 24. Re1 Rxa2 25. e6 Qf6 26. exf7+ Kg7 27. Bb1
Rf2 28. h4 Rxf7 29. Bd3 Rxf3 30. gxf3 Qxf3+ 31. Qxf3 Rxf3 0-1

[Event "27th Hoogeveen Open 2024"]
[Site "Hoogeveen NED"]
[Date "2024.10.27"]
[Round "2.30"]
[White "Kukushkin, Ivan"]
[Black "Westerhof, Fleur"]
[Result "1-0"]
[WhiteElo "2084"]
[BlackElo "1904"]
[WhiteFideId "11634103"]
[BlackFideId "1080369"]
[EventDate "2024.10.26"]

1. e4 e5 2. Nf3 Nc6 3. Bb5 a6 4. Ba4 Nf6 5. O-O Be7 6. Bxc6 bxc6 7. Re1 d6 8. d4
exd4 9. Nxd4 Bd7 10. Nc3 O-O 11. Bg5 Ne8 12. Bxe7 Qxe7 13. Qd3 Nf6 14. h3 Qe5
15. Nf3 Qc5 16. e5 Nd5 17. Ne4 Qb4 18. a3 Qb7 19. exd6 cxd6 20. c4 Bf5 21. cxd5
cxd5 22. Nf6+ 1-0

[Event "27th Hoogeveen Open 2024"]
[Site "Hoogeveen NED"]
[Date "2024.10.27"]
[Round "2.31"]
[White "Ambrona Navarro, Himar"]
[Black "Markuszewski, Maksymilian"]
[Result "0-1"]
[WhiteElo "1971"]
[BlackElo "2079"]
[WhiteFideId "94740925"]
[BlackFideId "651018306"]
[EventDate "2024.10.26"]

1. d4 d5 2. c4 c6 3. cxd5 cxd5 4. Bf4 Nf6 5. e3 Nc6 6. Bd3 a6 7. Nf3 Qb6 8. Nbd2
Qxb2 9. O-O e6 10. Qe2 Be7 11. Rfb1 Qc3 12. Rc1 Qa5 13. Ne5 Nxe5 14. dxe5 Nd7
15. Nb3 Qd8 16. Qh5 g6 17. Qf3 O-O 18. Qh3 Re8 19. Kh1 Bf8 20. Bg3 f6 21. exf6
Nxf6 22. Be5 Bd6 23. f4 Qe7 24. Rf1 Bxe5 25. fxe5 Nd7 26. Rf4 Nxe5 27. Raf1 Bd7
28. Be2 Rf8 29. Qg3 Nf7 30. Bd3 Nh6 31. Rxf8+ Rxf8 32. Rc1 e5 33. e4 Bc6 34. Qe1
Qg5 35. Na5 Ng4 36. Bxa6 bxa6 37. Rxc6 Qh4 38. Qxh4 Rf1# 0-1

[Event "27th Hoogeveen Open 2024"]
[Site "Hoogeveen NED"]
[Date "2024.10.27"]
[Round "2.32"]
[White "Darie, Aden"]
[Black "Gortemaker, Lucas"]
[Result "1-0"]
[WhiteElo "1928"]
[BlackElo "2073"]
[WhiteFideId "1094831"]
[BlackFideId "1013394"]
[EventDate "2024.10.26"]

1. e4 c6 2. d4 d5 3. e5 Bf5 4. Nd2 e6 5. Nb3 Nd7 6. Nf3 h6 7. Be3 Ne7 8. Be2 Qc7
9. O-O g5 10. Rc1 Nb6 11. Nc5 a5 12. a4 Nc4 13. Bxc4 dxc4 14. Nd2 b6 15. Nce4
Bxe4 16. Nxe4 Nd5 17. Qh5 Rg8 18. Qe2 b5 19. b3 c3 20. axb5 Be7 21. Qc4 cxb5 22.
Qxb5+ Kf8 23. Qe2 Qc6 24. Qc4 Rc8 25. Qxc6 Rxc6 26. Rce1 Kg7 27. f4 gxf4 28.
Bxf4 Rd8 29. Rd1 Kg6 30. Bc1 Nb4 31. Rf2 Rc7 32. Nf6 Nd5 33. Rd3 Nxf6 34. Rg3+
Kh7 35. exf6 Bf8 36. Be3 a4 37. Rf4 axb3 38. Rh4 b2 39. Bxh6 Rxd4 40. Bf4+ 1-0

[Event "27th Hoogeveen Open 2024"]
[Site "Hoogeveen NED"]
[Date "2024.10.28"]
[Round "3.1"]
[White "Bosboom, Manuel"]
[Black "Karthikeyan, Murali"]
[Result "0-1"]
[WhiteTitle "IM"]
[BlackTitle "GM"]
[WhiteElo "2354"]
[BlackElo "2624"]
[WhiteFideId "1000080"]
[BlackFideId "5074452"]
[EventDate "2024.10.26"]

1. g3 e5 2. Bg2 d5 3. Nf3 Nc6 4. d3 f6 5. c3 Be6 6. a4 Qd7 7. a5 a6 8. Qa4 h5 9.
h4 O-O-O 10. Nbd2 Nh6 11. b4 Ng4 12. b5 Nb8 13. bxa6 Nxa6 14. Qc2 Bc5 15. d4 Ba7
16. e3 Bf5 17. Qb3 Bd3 18. Bf1 Bxf1 19. Kxf1 c5 20. Kg2 Qf5 21. Rb1 Rd7 22. dxe5
fxe5 23. Rf1 c4 24. Qb5 Bxe3 25. Nxc4 dxc4 26. Bxe3 Qe4 27. Rfe1 Rd3 28. Qb6
Nxe3+ 29. Rxe3 Rxe3 30. fxe3 Rh6 31. Qb5 Nc7 32. Qc5 Qc2+ 33. Kh3 Rf6 34. Qb4
Qf5+ 0-1